Rumbo a Australia / (Registro nro. 8613)

Detalles MARC
000 -LIDER
fixed length control field 00817nam a22002897a 4500
001 - NÚMERO DE CONTROL
Identificador de número de control 0108
003 - IDENTIFICACDOR DE NÚMERO DE CONTROL
control field DO-SdBNP
005 - DATE AND TIME OF LATEST TRANSACTION
control field 20180201153815.0
007 - CAMPOS FIJOS DE DESCRIPCIÓN FÍSICA
fixed length control field 0108
008 - ELEMENTOS DE LONGITUD FIJA
fixed length control field 151005b1987 sp 00| 0 spa d
020 ## - ISBN
International Standard Book Number 8477222339
040 ## - FUENTE DE CATALOGACIÓN
Agencia que crea de manera original el registro BPMSU
Idioma de catalogación spa
Agencia que realiza la transcripción BPMSU
092 ## - LOCALLY ASSIGNED DEWEY DECIMAL CALL NUMBER
Número de clasificación XXXX
Número de ítem (Cutter) XXXX
100 1# - ASIENTO PRINCIPAL -- NOMBRE PERSONAL
Nombre personal Bailey, Nancy
240 10 - TITULO UNIFORME
Título uniforme Bound for Australia /
Idioma de una obra eng
245 10 - MENCIÓN DE TITULO
Título Rumbo a Australia /
Mención de responsabilidad Nancy Bailey ; ilustraciones Julek Heller ; traducción Margarita Cavándoli
260 ## - PUBLICACIÓN, DISTRIBUCIÓN, ETC. (PIE DE IMPRENTA)
Lugar de publicación, distribución, etc Barcelona :
Nombre del editor, distribuidor, etc. Timun mas,
Fecha de publicación, distribución, etc 1987.
300 ## - DESCRIPCIÓN FÍSICA
Extensión 125 p. :
Otros detalles físicos il.
Dimensiones 18 cm.
490 1# - MENCIÓN DE SERIES
Mención de serie La maquina del tiempo
Volume/sequential designation 19
700 12 - ASIENTO SECUNDARIO -- NOMBRE PERSONAL
Nombre personal Cavándoli, Margarita
Mención de responsabilidad trad.
700 12 - ASIENTO SECUNDARIO -- NOMBRE PERSONAL
Nombre personal Heller, Julek
Mención de responsabilidad il.
830 #0 - ASIENTO SECUNDARIO DE SERIE--TÍTULO UNIFORME
Título uniforme La maquina del tiempo
Número de la parte o sección de una obra 19
910 ## - VALIDACIÓN
Validación 202
942 ## - ADDED ENTRY ELEMENTS (KOHA)
Source of classification or shelving scheme Dewey Decimal Classification
Koha item type Libros
945 ## - INFORMACIÓN DE PROCESAMIENTO LOCAL
Información de procesamiento local Inventariado, 2018 / BT
956 ## - LOCAL ELECTRONIC LOCATION AND ACCESS (OCLC)
Nombre de host Yngrid Lockward
Existencias
Withdrawn status Lost status Source of classification or shelving scheme Damaged status Not for loan Collection code Home library Current library Date acquired Source of acquisition Total Checkouts Barcode Date last seen Price effective from Koha item type Copy number
    Dewey Decimal Classification     Colección Juvenil General Biblioteca Pública Metropolitana Salomé Ureña Biblioteca Pública Metropolitana Salomé Ureña 11/10/2015 FUNDI   BPMSU15110145 11/10/2015 11/10/2015 Libros  
    Dewey Decimal Classification     Colección Juvenil General Biblioteca Pública Metropolitana Salomé Ureña Biblioteca Pública Metropolitana Salomé Ureña 11/10/2015 FUNDI   BPMSU15110146 11/10/2015 11/10/2015 Libros e. 2
    Dewey Decimal Classification     Colección Juvenil General Biblioteca Pública Metropolitana Salomé Ureña Biblioteca Pública Metropolitana Salomé Ureña 11/10/2015 FUNDI   BPMSU15110147 11/10/2015 11/10/2015 Libros e. 3